000
00308nam a2200109Ia 4500
008
190216s9999||||xx |||||||||||||| ||und||
100
_a
Kishnadwala Vh. Kishnadwalla Nh&Amp; 
 Shetti Mv
245
0
_a
Auditing Principles And Practice
260
_b
Wiley Eastern Ltd
_c
1982
300
_a
657.45
942
_c
BK
999
_c
5044
_d
5044